| 000 | 00600nam a2200229Ia 4500 | ||
|---|---|---|---|
| 003 | OSt | ||
| 005 | 20220925215514.0 | ||
| 006 | a|||||r|||| 00| 0 | ||
| 007 | ta | ||
| 008 | 220923b |||||||| |||| 00| 0 eng d | ||
| 037 | _cGeneral Book | ||
| 040 |
_aRTL _cRTL _beng |
||
| 041 |
_2eng _aeng |
||
| 082 | _aU287.3124.N6, K5 | ||
| 100 |
_aChandler T J _9282965 |
||
| 245 | 0 | _aClimate of London | |
| 260 |
_aLondon _bHutchinson _c1965 |
||
| 300 |
_a292p. _ccm. |
||
| 650 | _aClimate | ||
| 942 |
_hU287.3124.N6, K5 _cGB _2CC |
||
| 999 |
_c568953 _d568953 |
||